Zadlženosť rozvinutého a rozvojového sveta v protiklade bakalárska práca

Enregistré dans:
Détails bibliographiques
Auteur principal: Menichová, Martina
Collectivité auteur: Fakulta medzinárodných vzťahov EU. Katedra medzinárodných ekonomických vzťahov a hospodárskej diplomacie
Autres auteurs: Ščepán, Michal
Format: Livre
Langue:slovaque
Publié: Bratislava 2010
Tags: Ajouter un tag
Pas de tags, Soyez le premier à ajouter un tag!

MARC

LEADER 00000nam$a2200000$$$4500
001 0136982
005 20240320074639.5
041 0 |a slo 
044 |a SK 
245 1 0 |a Zadlženosť rozvinutého a rozvojového sveta v protiklade  |b bakalárska práca  |c Martina Menichová ; školiteľ: Michael Ščepán 
264 1 |a Bratislava  |c 2010 
300 |a 35 s. 
100 1 |a Menichová, Martina 
700 1 |a Ščepán, Michal 
710 2 |a Fakulta medzinárodných vzťahov EU. Katedra medzinárodných ekonomických vzťahov a hospodárskej diplomacie